00592nam a22001817a 4500082002500000245005200025260000900077300002000086526003700106526003700143526003700180526003700217526003700254526003700291526003700328526003700365650000800402 a355bGULcL-40, P-75 aGuidelines for Study Staff Course Entrance Exam c2006 a227bill,c19cm a0b0c0d355_000000000000000_GUL a0b0c0d355_000000000000000_GUL a0b0c0d355_000000000000000_GUL a0b0c0d355_000000000000000_GUL a0b0c0d355_000000000000000_GUL a0b0c0d355_000000000000000_GUL a0b0c0d355_000000000000000_GUL a0b0c0d355_000000000000000_GUL aMCE